| 000 | 01107nac a22002651u 4500 | ||
|---|---|---|---|
| 010 | _a 98107870 | ||
| 020 | _a0419225609 | ||
| 082 | 0 | 0 |
_a620.136 _bREI |
| 090 |
_c7367 _d7367 |
||
| 100 | _aReinhardt, H.W. [ed.] | ||
| 245 | 0 | 0 |
_aPenetration and permeability of concrete : _bbarriers to organic and contaminating liquids : state-of-the-art report prepared by members of the RILEM Technical Committee 146-TCF / _cedited by H.W. Reinhardt. |
| 250 | _a1st ed. | ||
| 260 |
_aLondon ; _aNew York : _bE & FN Spon,c.1997. _cc.1997. |
||
| 300 |
_ax, 331 p. : _bill. ; _c24 cm. |
||
| 440 | 0 |
_aRILEM report ; _v16 |
|
| 500 | _aDistributer: Al-Ahram. | ||
| 504 | _aIncludes bibliographical references and index. | ||
| 511 | _aCatalogued By: Mahitab. | ||
| 650 | 0 |
_aConcrete _xPermeability. |
|
| 650 | 0 |
_aConcrete _xPenetration resistance. |
|
| 700 | 1 |
_aReinhardt, H. W. _q(Hans Wolfgang), _d1931- |
|
| 710 | 2 | _aRILEM Technical Committee 146-TCF. | |
| 856 | 4 | 2 |
_3Publisher description _uhttp://www.loc.gov/catdir/enhancements/fy0651/98107870-d.html |
| 942 |
_cBB _k620.136REI |
||
| 999 |
_c7367 _d7367 |
||